Les Chtis célèbres (par image) - Statistiques

Statistiques générales
  • Ce quiz a été pris 63 fois
  • Le résultat moyen est 4 sur 24
Statistiques - réponses
Par images Réponse % Correct
Pierre Richard
75%
Dany Boon
66%
Jean Lefebvre
49%
Mgr Marcel Lefebvre
49%
Raymond Devos
36%
Jean Bart
28%
Brigitte Fossey
26%
Alain Decaux
17%
Raoul de Godewarsvelde
17%
Louis Blériot
15%
Jean Stablinski
9%
Florian Sénéchal
8%
Hervé Dubuisson
8%
Jenny Clève
6%
Edmond Tanière
2%
Georges Delerue
2%
Antoine Watteau
0%
François de Salignac de La Mothe-Fénelon
0%
Julien Duvivier
0%
L'abbé Olivier Rioult
0%
L'Abbé René Bonpain
0%
Léopold Simons
0%
Mgr Henri Delassus
0%
Robert II de Flandre
0%
Aucun quiz correspondant
Distribution des résultats
% des personnes avec chaque résultat
Percentile par nombre de réponses
Votre historique - résultats
Vous n’avez pas pris ce quiz